|
|
|
|
| LEADER |
00954nam a2200253 a 4500 |
| 001 |
00025475 |
| 008 |
120704s2004 enka 000 0 eng |
| 999 |
|
|
|c 12481
|d 12481
|
| 020 |
|
|
|a 0521752590
|
| 020 |
|
|
|a 9780521752596
|
| 040 |
|
|
|a BD-DhAAL
|c BD-DhAAL
|
| 082 |
0 |
4 |
|a 428.6
|2 20
|
| 100 |
1 |
|
|a Brown, Richard.
|9 49109
|
| 245 |
1 |
0 |
|a Ben's amazing birthday /
|c Richard Brown ; illustrated by Annabel Large.
|
| 260 |
|
|
|a Cambridge :
|b Cambridge University Press ,
|c c2004.
|
| 300 |
|
|
|a 24 p. :
|b col. ill. ;
|c 23cm.
|
| 490 |
0 |
|
|a Cambridge storybooks
|
| 541 |
1 |
|
|e 00025475
|
| 650 |
|
0 |
|a Readers
|x Juvenile literature.
|9 49110
|
| 653 |
|
1 |
|a English language
|a Reading books
|
| 700 |
1 |
|
|a Large, Annabel.
|9 49111
|
| 852 |
1 |
|
|a BRAC Institute of Language (BIL)
|c General Stacks
|
| 942 |
|
|
|2 ddc
|c BK
|
| 952 |
|
|
|0 0
|1 1
|2 ddc
|4 0
|6 428_600000000000000_BRO
|7 0
|9 20641
|a BIL
|b BIL
|c GEN
|d 2012-07-04
|e karim International
|g 623.00
|l 0
|o 428.6 BRO
|p 3010025475
|r 2012-07-04
|t 1
|w 2012-07-04
|y BK
|